RM-Systém - Tržní řád.

Trhový poriadok akciovej spoločnosti RM-Systém, ktorá organizuje dopyt a ponuku cenných papierov ako organizátor mimoburzového trhu. Organizačné usporiadanie, zákazníci, cenné papiere na trhu RM-S, poskytované služby a ich ceny. Tento trhový poriadok platí v ČR od 19.3.1993.

Salvato in:
Dettagli Bibliografici
Natura: Capitolo di libro
Lingua:ceco
Soggetti:
Tags: Aggiungi Tag
Nessun Tag, puoi essere il primo ad aggiungerne!!

MARC

LEADER 00000naa a2200000 4500
001 r013351
005 20221213090128.0
041 0 |a cze 
044 |a SK 
245 1 0 |a RM-Systém - Tržní řád. 
520 |a Trhový poriadok akciovej spoločnosti RM-Systém, ktorá organizuje dopyt a ponuku cenných papierov ako organizátor mimoburzového trhu. Organizačné usporiadanie, zákazníci, cenné papiere na trhu RM-S, poskytované služby a ich ceny. Tento trhový poriadok platí v ČR od 19.3.1993. 
610 2 0 |a burzy 
610 2 0 |a trh 
610 2 0 |a obchody burzové 
610 2 0 |a papiere cenné 
610 2 0 |a RM-Systém 
610 2 0 |a dopyt 
610 2 0 |a ponuka 
610 2 0 |a predpisy právne